[Event "BL 1718 (Women)"]
[Site "Germany"]
[Date "2017.11.19"]
[Round "3.5"]
[White "V D Weth V Nordheim, Petra"]
[Black "Silz, Elisa"]
[Result "1/2-1/2"]
[WhiteElo "1953"]
[BlackElo "1970"]
[PlyCount "118"]
[EventDate "2017.10.01"]
[EventType "team-tourn"]
[EventRounds "11"]
[EventCountry "GER"]
[SourceTitle "EXT 2019"]
[Source "ChessBase"]
[SourceDate "2018.10.10"]
[SourceVersion "1"]
[SourceVersionDate "2018.10.10"]
[SourceQuality "1"]
[WhiteTeam "Erfurt Medizin (W)"]
[BlackTeam "Kiel Doppelbauer (W)"]
[WhiteTeamCountry "GER"]
[BlackTeamCountry "GER"]

1. Nf3 Nf6 2. g3 g6 3. Bg2 Bg7 4. 0-0 0-0 5. c4 d6 6. Nc3 c6 7. d3 e5 8. h3 Nbd7 9. Qc2 Re8 10. Be3 h6 11. Rfd1 Qc7 12. Rac1 Nf8 13. b4 Be6 14. Nd2 N6d7 15. b5 Nb6 16. bxc6 bxc6 17. c5 Nd5 18. cxd6 Qxd6 19. Nce4 Qd8 20. Bc5 Nd7 21. Nb3 Nxc5 22. Nexc5 Bc8 23. Qd2 a5 24. Na4 Bd7 25. Rc5 Bf8 26. Bxd5 Bxc5 27. Bxf7+ Kxf7 28. Nbxc5 Bxh3 29. Rb1 Ra7 30. Qe3 Qd5 31. Ne4 Rae7 32. Qxh6 Bf5 33. Qh7+ Kf8 34. Qh8+ Qg8 35. Qxg8+ Kxg8 36. Nf6+ Kf7 37. Nxe8 Rxe8 38. Nc5 e4 39. g4 Bxg4 40. Nxe4 Re5 41. f3 Bf5 42. Nd6+ Ke6 43. Nxf5 gxf5 44. Kf2 Rc5 45. Rb2 f4 46. e3 fxe3+ 47. Kxe3 Rh5 48. d4 Kd6 49. Rc2 Rg5 50. Rc5 Rxc5 51. dxc5+ Kxc5 52. f4 Kd5 53. Kd3 a4 54. a3 c5 55. Kc3 Ke4 56. Kc4 Kxf4 57. Kxc5 Ke5 58. Kc6 Ke6 59. Kb5 Kd7 1/2-1/2

[Event "BL 1617 (Women)"]
[Site "Germany"]
[Date "2017.04.30"]
[Round "10.5"]
[White "Koehler, Inken"]
[Black "V D Weth V Nordheim, Petra"]
[Result "1-0"]
[WhiteElo "2009"]
[BlackElo "1985"]
[PlyCount "103"]
[EventDate "2016.10.22"]
[EventType "team-tourn"]
[EventRounds "11"]
[EventCountry "GER"]
[SourceTitle "EXT 2018"]
[Source "ChessBase"]
[SourceDate "2017.10.13"]
[SourceVersion "1"]
[SourceVersionDate "2017.10.13"]
[SourceQuality "1"]
[WhiteTeam "Harksheide (W)"]
[BlackTeam "Erfurt Medizin (W)"]
[WhiteTeamCountry "GER"]
[BlackTeamCountry "GER"]

1. e4 c5 2. Nf3 Nc6 3. Bb5 d5 4. exd5 Qxd5 5. Nc3 Qe6+ 6. Qe2 Qxe2+ 7. Nxe2 Bd7 8. d4 e6 9. c3 cxd4 10. Nexd4 Nxd4 11. Nxd4 e5 12. Bxd7+ Kxd7 13. Nf3 f6 14. Be3 Ne7 15. 0-0-0+ Ke6 16. Bc5 Nc6 17. Bxf8 Rhxf8 18. Rhe1 Rfd8 19. Nd4+ Nxd4 20. cxd4 Rac8+ 21. Kb1 Rc4 22. dxe5 Rxd1+ 23. Rxd1 fxe5 24. b3 Rc7 25. Rd3 Kf5 26. Kb2 Ke4 27. Rc3 Rf7 28. f3+ Kd4 29. Kc2 b5 30. Rd3+ Kc5 31. Re3 Kd4 32. Rd3+ Kc5 33. Rd8 Re7 34. Kd3 Kb4 35. Ke4 Kc3 36. Rd5 Kb4 37. g4 g5 38. Rxe5 Rxe5+ 39. Kxe5 Ka3 40. Kf5 Kxa2 41. Kxg5 a5 42. f4 b4 43. f5 a4 44. bxa4 b3 45. f6 b2 46. f7 b1Q 47. f8Q Qc1+ 48. Kh5 Qc2 49. Qf4 Ka3 50. a5 Qc6 51. Qf5 Qc7 52. h4 1-0

[Event "WchT Seniors 50"]
[Site "Radebeul"]
[Date "2016.07.03"]
[Round "8.14"]
[White "Domaske, Andreas"]
[Black "V D Weth V Nordheim, Petra"]
[Result "1/2-1/2"]
[WhiteElo "1946"]
[BlackElo "1987"]
[PlyCount "28"]
[EventDate "2016.06.26"]
[EventType "team-swiss"]
[EventRounds "9"]
[EventCountry "GER"]
[SourceTitle "CBM 173 Extra"]
[Source "ChessBase"]
[SourceDate "2016.08.29"]
[SourceVersion "1"]
[SourceVersionDate "2016.08.29"]
[SourceQuality "1"]
[WhiteTeam "Sachsen Anhalt"]
[BlackTeam "Germany (Women) II"]
[WhiteTeamCountry "GER"]
[BlackTeamCountry "GER"]

1. d4 d5 2. Nf3 e6 3. c4 c6 4. cxd5 exd5 5. g3 Nf6 6. Bg2 h6 7. Nc3 Bd6 8. 0-0 0-0 9. Qc2 Re8 10. Re1 Na6 11. a3 Bg4 12. e4 dxe4 13. Nxe4 Nxe4 14. Rxe4 Bxf3 1/2-1/2

[Event "WchT Seniors 50"]
[Site "Radebeul"]
[Date "2016.07.01"]
[Round "6.23"]
[White "V D Weth V Nordheim, Petra"]
[Black "Mueggenburg, Rolf"]
[Result "1/2-1/2"]
[WhiteElo "1987"]
[BlackElo "1755"]
[PlyCount "49"]
[EventDate "2016.06.26"]
[EventType "team-swiss"]
[EventRounds "9"]
[EventCountry "GER"]
[SourceTitle "CBM 173 Extra"]
[Source "ChessBase"]
[SourceDate "2016.08.29"]
[SourceVersion "1"]
[SourceVersionDate "2016.08.29"]
[SourceQuality "1"]
[WhiteTeam "Germany (Women) II"]
[BlackTeam "Mecklenburg Vorpommern"]
[WhiteTeamCountry "GER"]
[BlackTeamCountry "GER"]

1. d4 Nf6 2. Nf3 c6 3. g3 g6 4. Bg2 Bg7 5. 0-0 0-0 6. c4 d6 7. Nc3 Nbd7 8. Qc2 Re8 9. Rd1 Nf8 10. e4 h6 11. b3 Bg4 12. h3 Bd7 13. e5 N6h7 14. Ba3 Qa5 15. Bb2 Bf5 16. Qc1 Qc7 17. g4 Bd7 18. Re1 a6 19. Qd2 Rab8 20. Rac1 b6 21. Nd1 Qc8 22. Ne3 f5 23. gxf5 gxf5 24. Nh2 Ng6 25. Nef1 1/2-1/2

[Event "GER-chT Federal Cup (Women)"]
[Site "Braunfels"]
[Date "2014.06.21"]
[Round "4.5"]
[White "V D Weth V Nordheim, Petra"]
[Black "Ries, Jutta"]
[Result "1/2-1/2"]
[WhiteElo "1822"]
[BlackElo "1919"]
[PlyCount "88"]
[EventDate "2014.06.19"]
[EventType "team-swiss"]
[EventRounds "5"]
[EventCountry "GER"]
[SourceTitle "EXT 2015"]
[Source "ChessBase"]
[SourceDate "2014.11.20"]
[SourceVersion "1"]
[SourceVersionDate "2014.11.20"]
[SourceQuality "1"]
[WhiteTeam "Thueringen (W)"]
[BlackTeam "Hessen (W)"]
[WhiteTeamCountry "GER"]
[BlackTeamCountry "GER"]

1. d4 Nf6 2. Nf3 c5 3. c3 b6 4. Nbd2 d5 5. e3 e6 6. Bd3 Bd6 7. 0-0 Bb7 8. Ne5 Nbd7 9. f4 Qc7 10. Qf3 a6 11. g4 Nf8 12. g5 Ng8 13. Qh3 0-0-0 14. Ndf3 Kb8 15. g6 fxg6 16. Bxg6 Nh6 17. Bc2 Bc8 18. Bd2 Nf7 19. Rac1 Bxe5 20. Nxe5 Nxe5 21. fxe5 Qe7 22. Rf2 Nd7 23. Rcf1 Rdf8 24. Rxf8 Nxf8 25. Qh5 Bd7 26. Rf7 Qe8 27. Qf3 Rg8 28. Be1 Qd8 29. Bg3 Ng6 30. Bxg6 hxg6 31. Qf4 c4 32. Bh4 Qc8 33. Be7 Kb7 34. Bd6 Kc6 35. Qg5 Qe8 36. Re7 Qd8 37. Qxg6 Kb5 38. Qf7 Bc8 39. Qg6 a5 40. h4 Ka6 41. Kg2 Rh8 42. Kg3 Kb5 43. h5 Rh6 44. Qg5 Qh8 1/2-1/2

[Event "GER-chT Federal Cup (Women)"]
[Site "Braunfels"]
[Date "2014.06.20"]
[Round "3.4"]
[White "V D Weth V Nordheim, Petra"]
[Black "Naipal, Victoria"]
[Result "1/2-1/2"]
[WhiteElo "1822"]
[BlackElo "1790"]
[PlyCount "84"]
[EventDate "2014.06.19"]
[EventType "team-swiss"]
[EventRounds "5"]
[EventCountry "GER"]
[SourceTitle "EXT 2015"]
[Source "ChessBase"]
[SourceDate "2014.11.20"]
[SourceVersion "1"]
[SourceVersionDate "2014.11.20"]
[SourceQuality "1"]
[WhiteTeam "Thueringen (W)"]
[BlackTeam "Hamburg (W)"]
[WhiteTeamCountry "GER"]
[BlackTeamCountry "GER"]

1. d4 d5 2. e3 Nf6 3. Bd3 e6 4. Nd2 Be7 5. f4 c5 6. c3 c4 7. Bc2 b5 8. Nh3 Nbd7 9. 0-0 Bb7 10. Qf3 g6 11. g4 Qb6 12. Nf2 b4 13. e4 dxe4 14. Nfxe4 Rc8 15. g5 Nd5 16. Qe2 Qc6 17. Nf3 f6 18. gxf6 Bxf6 19. Re1 0-0 20. Bd2 a5 21. Qd1 Qc7 22. Ne5 Bh4 23. Nxg6 Bxe1 24. Nxf8 Kxf8 25. Qxe1 Ke7 26. Ng5 Qc6 27. f5 Nf8 28. Be4 Qd6 29. Qh4 Ke8 30. Qh5+ Kd7 31. Qf7+ Qe7 32. fxe6+ Nxe6 33. Qxe7+ Kxe7 34. Nxe6 Kxe6 35. Re1 Rg8+ 36. Kf2 Rf8+ 37. Kg3 Rg8+ 38. Kh4 Kd6 39. cxb4 axb4 40. Bxd5 Kxd5 41. Bxb4 Kxd4 42. Bc3+ Kd3 1/2-1/2

[Event "GER Seniors Derby 13th"]
[Site "Wesel Undeloh"]
[Date "2014.05.10"]
[Round "8"]
[White "Grigat, Klaus Dieter"]
[Black "V D Weth V Nordheim, Petra"]
[Result "1/2-1/2"]
[WhiteElo "1832"]
[BlackElo "1815"]
[PlyCount "29"]
[EventDate "2014.05.07"]
[EventType "swiss"]
[EventRounds "9"]
[EventCountry "GER"]
[SourceTitle "EXT 2018"]
[Source "ChessBase"]
[SourceDate "2017.10.13"]
[SourceVersion "1"]
[SourceVersionDate "2017.10.13"]
[SourceQuality "1"]

1. e4 c5 2. Nf3 Nc6 3. d4 cxd4 4. Nxd4 g6 5. Nc3 Bg7 6. Be3 d6 7. Be2 Nf6 8. Qd2 h5 9. f3 Bd7 10. Nd5 e6 11. Nxf6+ Bxf6 12. c3 a6 13. Nb3 Qc7 14. Rd1 Be7 15. Bf4 1/2-1/2

[Event "BL2 Mitte 1011 (Women)"]
[Site "Germany"]
[Date "2010.12.05"]
[Round "4.5"]
[White "V D Weth V Nordheim, Petra"]
[Black "Just, Anita"]
[Result "1/2-1/2"]
[WhiteElo "1823"]
[BlackElo "1988"]
[PlyCount "35"]
[EventDate "2010.11.06"]
[EventType "team-tourn"]
[EventRounds "7"]
[EventCountry "GER"]
[SourceTitle "EXT 2012"]
[Source "ChessBase"]
[SourceDate "2011.11.24"]
[SourceVersion "1"]
[SourceVersionDate "2011.11.24"]
[SourceQuality "1"]
[WhiteTeam "Zeulenroda (W)"]
[BlackTeam "Leipzig Allianz (W)"]
[WhiteTeamCountry "GER"]
[BlackTeamCountry "GER"]

1. d4 e6 2. e3 f5 3. Nf3 Nf6 4. c4 Be7 5. Nc3 0-0 6. Bd3 d6 7. 0-0 Qe8 8. e4 fxe4 9. Nxe4 Nxe4 10. Bxe4 Nd7 11. Qe2 Nf6 12. Bc2 Qh5 13. Re1 Bd7 14. Bd2 Rae8 15. h3 Bd8 16. Ng5 Qh4 17. Nf3 Qh5 18. Ng5 1/2-1/2

[Event "Bad Koenigshofen op (Women)"]
[Site "Bad Koenigshofen"]
[Date "2006.08.12"]
[Round "9.7"]
[White "Oleneva, Svetlana"]
[Black "V D Weth V Nordheim, Petra"]
[Result "1-0"]
[WhiteElo "2121"]
[BlackElo "1788"]
[PlyCount "51"]
[EventDate "2006.08.04"]
[EventType "swiss"]
[EventRounds "9"]
[EventCountry "GER"]
[SourceTitle "CBM 113 Extra"]
[Source "ChessBase"]
[SourceDate "2006.09.14"]
[SourceVersion "1"]
[SourceVersionDate "2006.09.14"]
[SourceQuality "1"]

1. d4 d5 2. Nf3 e6 3. Bf4 c5 4. e3 Qb6 5. b3 Nc6 6. c3 Nf6 7. Bd3 Nh5 8. Bg5 h6 9. Bh4 Be7 10. Bxe7 Kxe7 11. Ne5 Nf6 12. f4 Bd7 13. 0-0 cxd4 14. Nxc6+ Bxc6 15. cxd4 Bb5 16. Nc3 Bxd3 17. Qxd3 Rac8 18. f5 Rc6 19. fxe6 fxe6 20. Qg6 Ne8 21. Na4 Qb4 22. Qf7+ Kd6 23. Nc5 Rxc5 24. dxc5+ Qxc5 25. Rfd1 Qc3 26. Qxb7 1-0

[Event "Bad Koenigshofen op (Women)"]
[Site "Bad Koenigshofen"]
[Date "2006.08.11"]
[Round "8.10"]
[White "V D Weth V Nordheim, Petra"]
[Black "Jusciak, Ute"]
[Result "1-0"]
[WhiteElo "1788"]
[BlackElo "1478"]
[PlyCount "79"]
[EventDate "2006.08.04"]
[EventType "swiss"]
[EventRounds "9"]
[EventCountry "GER"]
[SourceTitle "CBM 113 Extra"]
[Source "ChessBase"]
[SourceDate "2006.09.14"]
[SourceVersion "1"]
[SourceVersionDate "2006.09.14"]
[SourceQuality "1"]

1. d4 d5 2. e3 e6 3. Bd3 Nf6 4. Nd2 c5 5. c3 cxd4 6. exd4 Bd7 7. f4 Bd6 8. Nh3 Nc6 9. 0-0 Qc7 10. Qc2 Nxd4 11. cxd4 Qxc2 12. Bxc2 Bb5 13. Re1 Rc8 14. Bb3 Nh5 15. f5 Bb4 16. fxe6 Rxc1 17. Rexc1 0-0 18. exf7+ Kxf7 19. Bxd5+ Kg6 20. Nf3 Nf4 21. Nxf4+ Rxf4 22. Bc4 Bc6 23. Ne5+ Kg5 24. Nxc6 bxc6 25. Be2 Rxd4 26. Rc4 c5 27. Rxd4 cxd4 28. Rc1 Bd2 29. Rc7 Kf4 30. g3+ Ke4 31. Re7+ Kd5 32. Rxa7 d3 33. Rd7+ Ke4 34. Bxd3+ Ke3 35. Bxh7 Bc1 36. b4 Bb2 37. b5 Kf3 38. b6 Ke2 39. b7 Be5 40. Re7 1-0

[Event "Bad Koenigshofen op (Women)"]
[Site "Bad Koenigshofen"]
[Date "2006.08.10"]
[Round "7.8"]
[White "Just, Gabriele"]
[Black "V D Weth V Nordheim, Petra"]
[Result "1-0"]
[WhiteElo "2018"]
[BlackElo "1788"]
[PlyCount "49"]
[EventDate "2006.08.04"]
[EventType "swiss"]
[EventRounds "9"]
[EventCountry "GER"]
[SourceTitle "CBM 113 Extra"]
[Source "ChessBase"]
[SourceDate "2006.09.14"]
[SourceVersion "1"]
[SourceVersionDate "2006.09.14"]
[SourceQuality "1"]

1. d4 b6 2. Bf4 Bb7 3. Nd2 e6 4. Ngf3 Nf6 5. e3 Be7 6. Bd3 c5 7. c3 d5 8. Ne5 0-0 9. Qf3 Nbd7 10. 0-0 Ne8 11. Qh3 f5 12. g4 Nxe5 13. Bxe5 g6 14. Kh1 Bd6 15. gxf5 exf5 16. f4 Bc8 17. Rg1 Bxe5 18. fxe5 a5 19. Raf1 Ng7 20. Nf3 Ra7 21. Qh6 Ne6 22. Nh4 Ng7 23. Rf3 f4 24. Nxg6 hxg6 25. Bxg6 1-0

[Event "Bad Koenigshofen op (Women)"]
[Site "Bad Koenigshofen"]
[Date "2006.08.09"]
[Round "6.6"]
[White "V D Weth V Nordheim, Petra"]
[Black "Kierzek, Mira"]
[Result "0-1"]
[WhiteElo "1788"]
[BlackElo "2088"]
[PlyCount "57"]
[EventDate "2006.08.04"]
[EventType "swiss"]
[EventRounds "9"]
[EventCountry "GER"]
[SourceTitle "CBM 113 Extra"]
[Source "ChessBase"]
[SourceDate "2006.09.14"]
[SourceVersion "1"]
[SourceVersionDate "2006.09.14"]
[SourceQuality "1"]

1. d4 Nf6 2. g3 g6 3. Bg2 Bg7 4. Nf3 0-0 5. 0-0 d5 6. c4 c6 7. cxd5 cxd5 8. Nc3 Nc6 9. h3 Qb6 10. e3 Re8 11. Nd2 Be6 12. g4 Rad8 13. f4 a5 14. g5 Nh5 15. f5 Bxf5 16. Nxd5 Rxd5 17. Bxd5 Nxd4 18. Kg2 Nc2 19. Nc4 Qc7 20. Rxf5 Qg3+ 21. Kf1 Qxh3+ 22. Kg1 Qxf5 23. e4 Bd4+ 24. Be3 Nxe3 25. Qxd4 Qg4+ 26. Kf2 Qg3+ 27. Ke2 Nf4+ 28. Kd2 Qf2+ 29. Kc3 0-1

[Event "Bad Koenigshofen op (Women)"]
[Site "Bad Koenigshofen"]
[Date "2006.08.06"]
[Round "3.5"]
[White "Vasilevich, Tatjana"]
[Black "V D Weth V Nordheim, Petra"]
[Result "1-0"]
[WhiteElo "2412"]
[BlackElo "1788"]
[PlyCount "39"]
[EventDate "2006.08.04"]
[EventType "swiss"]
[EventRounds "9"]
[EventCountry "GER"]
[SourceTitle "CBM 113 Extra"]
[Source "ChessBase"]
[SourceDate "2006.09.14"]
[SourceVersion "1"]
[SourceVersionDate "2006.09.14"]
[SourceQuality "1"]

1. d4 d5 2. Nf3 Nf6 3. g3 c6 4. Bg2 h6 5. c4 dxc4 6. 0-0 g6 7. Na3 Bg7 8. Nxc4 0-0 9. Bf4 Be6 10. Rc1 Nbd7 11. Re1 Nd5 12. Bd2 N5b6 13. Na5 Nc8 14. Nxb7 Qb6 15. Na5 Qxb2 16. Rc2 Qa3 17. Nxc6 Bd5 18. Bb4 Qa6 19. Bxe7 Bxc6 20. Rxc6 1-0

[Event "Halle-chT (Women)"]
[Site "Halle"]
[Date "2005.04.15"]
[Round "3.8"]
[White "V D Weth V Nordheim, Petra"]
[Black "Strate, Gerda"]
[Result "1/2-1/2"]
[WhiteElo "1731"]
[BlackElo "1735"]
[PlyCount "43"]
[EventDate "2005.04.14"]
[EventType "team"]
[EventRounds "5"]
[EventCountry "GER"]
[SourceTitle "CBM 105 Extra"]
[Source "ChessBase"]
[SourceDate "2005.05.01"]
[SourceVersion "1"]
[SourceVersionDate "2005.05.01"]
[SourceQuality "1"]

1. d4 d5 2. e3 e6 3. Bd3 c5 4. c3 cxd4 5. exd4 Nc6 6. Nf3 Nf6 7. 0-0 Be7 8. Nbd2 0-0 9. Re1 Qc7 10. Nf1 Bd6 11. h3 Re8 12. Bg5 Be7 13. Bc2 h6 14. Bh4 Nh5 15. Bxe7 Qxe7 16. Ne5 Qg5 17. Qf3 f6 18. Bg6 Nxe5 19. Rxe5 Qxg6 20. Rxh5 Bd7 21. Ng3 Re7 22. Re1 1/2-1/2